Complete Java 2 certification : study guide

Na minha lista:
Detalhes bibliográficos
Autor principal:  Heller, Philip
Formato: Sách
Idioma:Undetermined
Publicado em:  Sybex  2005
Assuntos:
Tags: Adicionar Tag
Sem tags, seja o primeiro a adicionar uma tag!
Thư viện lưu trữ: Trung tâm Thư viện - Trường Đại học Công nghiệp TP. Hồ Chí Minh
LEADER 00501nam a2200157Ia 4500
001 UIH_06573
008 231011s9999 xx 000 0 und d
082 |a  005.133 
100 |a  Heller, Philip 
245 0 |a  Complete Java 2 certification : study guide 
245 0 |c  Heller, Philip 
260 |b  Sybex 
260 |c  2005 
650 |a  Ngôn ngữ lập trình máy tính;  
927 |a Sách 
980 |a Trung tâm Thư viện - Trường Đại học Công nghiệp TP. Hồ Chí Minh